Élimination par catégorie - Super Smash Bros. Ultimate - Statistiques

Statistiques générales
  • Ce quiz a été pris 712 fois
  • Le résultat moyen est 16 sur 20
Statistiques - réponses
Groupe # Catégorie % Correct
Vert 26 Personnage jouable de Super Smash Bros. Melee...
99%
Bleu 14 Personnage d'une des séries Mario, Donkey Kong, Yoshi ou Wario
95%
Bleu 11 ... Pas représenté par la couleur verte...
94%
Bleu 8 ... de sexe masculin...
94%
Vert 19 ... n'étant pas de la série Mario, Donkey Kong ou Yoshi...
93%
Orange 20 Personnage épéiste...
92%
Orange 12 ... pas dans la série Fire Emblem...
90%
Violet 18 Personnage n'appartenant pas à Nintendo...
87%
Bleu 3 ... souvent (voire toujours) méchant...
86%
Bleu 1 ... et monarque auto-proclamé Bowser
85%
Vert 11 ... jouable pour la première fois dans Melee...
80%
Vert 3 ... venant de la série Zelda...
80%
Orange 9 ... ni dans la série Zelda...
78%
Vert 1 ... et un méchant. Ganondorf
78%
Violet 10 ... jouable pour la première fois dans Super Smash Bros. Ultimate...
75%
Orange 7 ... combattant DLC...
71%
Orange 1 ... et ayant une clé lui servant d'épée. Sora
65%
Violet 6 ... ne faisant pas partie du Fighter Pass 2...
63%
Violet 2 ... ni du Fighter Pass 1...
38%
Violet 1 ... et est un personnage echo. Richter
36%
Aucun quiz correspondant
Distribution des résultats
% des personnes avec chaque résultat
Percentile par nombre de réponses
Votre historique - résultats
Vous n’avez pas pris ce quiz